Images That Start with 'K' Quiz Stats

 Plays Quiz Updated Nov 1, 2018

Challenge
Share
Tweet
Score 0/20 Timer 04:00
0 Plays Today
% Correct
knee
99.5%
kite
98.8%
kangaroo
98.4%
kitten
98.3%
kilt
97.1%
(Kate) kiss
96.6%
kettle
96.6%
koala
96%
kayak
95.5%
knight
94.6%
% Correct
kebabs
88.4%
knocker
86.5%
kimono
79.3%
Kenya
77.2%
kid
70.9%
kiln
68.5%
kiwi
64.4%
Kentucky
63.8%
kookaburras
40.8%
keystone
29.7%

You're not logged in!

Compare scores with friends on all Sporcle quizzes.
OR
Log In

You Might Also Like...

Show Comments

Extras

Top Quizzes Today


Score Distribution

Your Account Isn't Verified!

In order to create a playlist on Sporcle, you need to verify the email address you used during registration. Go to your Sporcle Settings to finish the process.

Report this User

Report this user for behavior that violates our Community Guidelines.

Details: